|
|
|
|
| LEADER |
00000ckm a2200000 a 4500 |
| 001 |
vtls001208082 |
| 003 |
SK-MaSNL |
| 005 |
20260331203240.0 |
| 007 |
kf co |
| 008 |
230718s1990 xo g 0kuslo |
| 015 |
|
|
|a SNBG1990
|
| 035 |
|
|
|a SNK000151152
|
| 035 |
|
|
|a urn:nbn:sk:snk-km3lwmi
|
| 035 |
|
|
|a 2B29F4DE-BBFC-4CFC-9864-DC8FE2E72758
|
| 035 |
|
|
|a urn:nbn:sk:snk-km00dr20
|
| 040 |
|
|
|a SNK
|b slo
|c SNK
|e AACR2
|
| 041 |
0 |
|
|a slo
|
| 043 |
|
|
|a e-xo---
|
| 044 |
|
|
|a xo
|c SK
|
| 072 |
|
7 |
|a 913
|x Regionálna geografia
|2 konspekt
|
| 080 |
|
|
|a 913(437.6)
|2 2011
|
| 080 |
|
|
|a 069
|2 2011
|
| 080 |
|
|
|a 728.81
|2 2011
|
| 080 |
|
|
|a (084.121)
|2 2011
|
| 100 |
1 |
|
|a Šurkala, Jaroslav,
|d 1938-
|4 pht
|9 7285
|
| 245 |
1 |
0 |
|a Krásna Hôrka
|h grafika
|b obranné hradby : celkový pohľad na hrad : interiéry
|c foto: J. Šurkala, A. Vojček ; grafický návrh: S. Štubňa
|
| 246 |
1 |
|
|i Názov na obrazovej časti:
|a Krásna Hôrka
|
| 260 |
|
|
|a Bratislava
|b ČSTK-Pressfoto
|c 1990
|e Skalica
|f Grafobal
|
| 300 |
|
|
|a 1 pohľadnica (4 čiastkové pohľady)
|b farebná
|c 11 x 15 cm
|
| 520 |
8 |
|
|a Zobrazenie: Na bielom podklade v hnedom orámovaní pohľady na časť hradieb, hrad zdola, expozície v interiéri
|
| 610 |
2 |
7 |
|a Krásna Hôrka (Krásnohorské Podhradie, Slovensko : hrad)
|2 SNKKA
|9 31335
|
| 650 |
0 |
7 |
|a hrady
|2 SNKPH
|9 3039
|
| 650 |
0 |
7 |
|a expozície
|2 SNKPH
|9 29734
|
| 650 |
0 |
7 |
|a národné kultúrne pamiatky
|2 SNKPH
|9 31192
|
| 651 |
|
7 |
|a Krásnohorské Podhradie (Slovensko)
|2 SNKPHgeo
|9 26876
|
| 655 |
|
7 |
|a miestne pohľadnice
|2 SNKPH
|9 70510
|
| 700 |
1 |
|
|a Vojček, Alexander
|c (fotograf)
|4 pht
|9 358709
|
| 700 |
1 |
|
|a Štubňa, Stanislav
|c (grafik)
|4 art
|9 283307
|
| 852 |
|
|
|a Slovenská národná knižnica
|
| 954 |
|
|
|a pohľadnice pôvodné (slovenské)
|2 lita
|
| 958 |
|
|
|a GBN
|
| 958 |
|
|
|a TL
|
| 958 |
|
|
|a GC
|
| 958 |
|
|
|a OND
|
| 958 |
|
|
|a EUIPO
|
| 999 |
|
|
|c 759809
|d 761739
|
| 952 |
|
|
|a SNK
|b SNK
|y PREZ
|7 0
|p 17A1242978
|o snkSP 144107
|i snk5696/90
|0 0
|1 0
|4 0
|d 2018-10-01
|f 1
|l 0
|r 2026-02-24 00:01:10
|w 2026-02-24
|
| 952 |
|
|
|a SNK
|b SNK
|y PREZ
|7 0
|p 17A1242977
|o snkSP 144107 D1
|i snk5697/90
|0 0
|1 0
|4 0
|d 2018-10-01
|l 0
|r 2026-02-24 00:01:10
|w 2026-02-24
|